En 1830, combien de temps pour aller en diligence de Paris à... - Statistiques

Statistiques générales
  • Ce quiz a été pris 11 fois
  • Le résultat moyen est 2 sur 13
Statistiques - réponses
Hint Réponse % Correct
Brest / Toulouse 108 heures
50%
Lyon 078 heures
40%
Chartres / Orléans 012 heures
30%
Rouen 014 heures
20%
Caen / Troyes / Le Havre 024 heures
20%
Amiens 015 heures
10%
Calais 036 heures
10%
Metz 044 heures
10%
Dijon / Nantes / Rennes 060 heures
10%
Lille 028 heures
0%
Charleville-Mézières 030 heures
0%
Nancy 048 heures
0%
Besançon / Bordeaux / Mulhouse / Strasbourg 072 heures
0%
Aucun quiz correspondant
Distribution des résultats
% des personnes avec chaque résultat
Percentile par nombre de réponses
Votre historique - résultats
Vous n’avez pas pris ce quiz